Top 10 Countries with the Highest Testosterone Levels - Statistics

General Stats
  • This quiz has been taken 168 times
  • The average score is 5 of 10
Answer Stats
Testosterone Level Rate Country % Correct
619 Russia
82%
649 Nigeria
66%
693 Mongolia
61%
623 Egypt
51%
605 Saudi Arabia
51%
635 Pakistan
50%
671 Ethiopia
44%
595 Poland
42%
589 Sudan
42%
595 Kyrgyzstan
24%
No matching quizzes found
Score Distribution
Percent of People with Each Score
Percentile by Number Answered
Your Score History
You have not taken this quiz